LEADER 02338oam 2200637I 450 001 9910463425003321 005 20200520144314.0 010 $a0-203-03725-1 010 $a1-283-96834-7 010 $a1-136-12314-8 024 7 $a10.4324/9780203037256 035 $a(CKB)2670000000325290 035 $a(EBL)1111682 035 $a(OCoLC)826855954 035 $a(SSID)ssj0000866902 035 $a(PQKBManifestationID)11443547 035 $a(PQKBTitleCode)TC0000866902 035 $a(PQKBWorkID)10880319 035 $a(PQKB)10965336 035 $a(MiAaPQ)EBC1111682 035 $a(Au-PeEL)EBL1111682 035 $a(CaPaEBR)ebr10645816 035 $a(CaONFJC)MIL428084 035 $a(OCoLC)828737858 035 $a(EXLCZ)992670000000325290 100 $a20180706d2002 uy 0 101 0 $aeng 135 $aur|n|---||||| 181 $ctxt 182 $cc 183 $acr 200 10$aBiblical prophets in the Qur'an and Muslim literature /$fRoberto Tottoli ; [translation by] Michael Robertson 210 1$aLondon ;$aNew York :$cRoutledge,$d2002. 215 $a1 online resource (223 p.) 225 1 $aRoutledge studies in the Qur'a?n 300 $aDescription based upon print version of record. 311 $a0-415-55417-9 311 $a0-7007-1394-8 320 $aIncludes bibliographical references and index. 327 $apt. 1. The stories of the prophets in the Qur'a?n -- pt. 2. The biblical prophets in Muslim literature. 330 $aPart 1 is a comprehensive study of the Qur'anic data about each prophet, with a full portrait of every figure and dealing also with all the major scholarly literature on the subject and with the Qur'anic concept of prophetology. Part 2 is a history and study of the general Muslim literature dealing with the prophets. 410 0$aRoutledge studies in the Qur?a?n. 606 $aProphets in the Koran 606 $aProphets in literature 608 $aElectronic books. 615 0$aProphets in the Koran. 615 0$aProphets in literature. 676 $a297.2/46 700 $aTottoli$b Roberto.$0171363 801 0$bMiAaPQ 801 1$bMiAaPQ 801 2$bMiAaPQ 906 $aBOOK 912 $a9910463425003321 996 $aBiblical prophets in the Qur'an and Muslim literature$91252595 997 $aUNINA LEADER 02096oas 2200805 a 450 001 9910133011803321 005 20251105213014.0 011 $a1871-2509 035 $a(DE-599)ZDB2109566-8 035 $a(DE-599)2109566-8 035 $a(OCoLC)55897337 035 $a(CONSER) 2007233947 035 $a(CKB)954925373808 035 $a(EXLCZ)99954925373808 100 $a20040713a18829999 sy a 101 0 $aswe 135 $aurbn||||||||| 181 $ctxt$2rdacontent 182 $cc$2rdamedia 183 $acr$2rdacarrier 200 10$aActa mathematica 210 $a[Djursholm, Sweden] $cInstitut Mittag-Leffler$d1882- 210 3 $aBoston$cInternational Press of Boston 215 $a1 online resource 300 $aRefereed/Peer-reviewed 311 08$aPrint version: Acta mathematica (DLC) 15001937 (OCoLC)1460915 0001-5962 606 $aMathematics$vPeriodicals 606 $aMathe?matiques$vPe?riodiques 606 $aMathematics$2fast$3(OCoLC)fst01012163 606 $aWiskunde$2gtt 606 $aMathe?matique$2rasuqam 608 $aperiodicals.$2aat 608 $aPeriodicals.$2fast 608 $aPeriodicals.$2lcgft 608 $aRessource Internet (Descripteur de forme)$2rasuqam 608 $aPe?riodique e?lectronique (Descripteur de forme)$2rasuqam 608 $aPe?riodiques.$2rvmgf 615 0$aMathematics 615 6$aMathe?matiques 615 7$aMathematics. 615 17$aWiskunde. 615 17$aMathe?matique. 801 0$bAMH 801 1$bAMH 801 2$bOCLCQ 801 2$bMUQ 801 2$bGUA 801 2$bUQ1 801 2$bEEM 801 2$bOCLCQ 801 2$bAD# 801 2$bOCLCQ 801 2$bBUF 801 2$bOCLCF 801 2$bOCLCQ 801 2$bAU@ 801 2$bUKMGB 801 2$bVT2 801 2$bNJT 801 2$bOCLCQ 801 2$bUAB 801 2$bUBY 801 2$bOCLCE 801 2$bLVT 801 2$bOCLCL 801 2$bOCLCQ 906 $aJOURNAL 912 $a9910133011803321 996 $aActa Mathematica$9104542 997 $aUNINA